Statistics for Players with most points in Nhl 2022-23

Click here to take the quiz!

General Stats

  • This quiz has been taken 48 times
  • The average score is 16 of 30

Answer Stats

HintAnswer% Correct
153Connor McDavid
100%
85Auston Matthews
80%
99Mitchell Marner
75%
111Nathan MacKinnon
73%
101Erik Karlsson
68%
109Jason Robertson
68%
113Nikita Kucherov
68%
83Brady Tkachuk
65%
113David Pastrnak
65%
109Matthew Tkachuk
65%
93Sidney Crosby
65%
99Jack Hughes
63%
105Mikko Rantanen
63%
92Artemi Panarin
58%
102Elias Pettersson
58%
84Steven Stamkos
58%
91Mika Zibanejad
55%
95Brayden Point
53%
80John Tavares
50%
87William Nylander
50%
94Tage Thompson
48%
128Leon Draisatl
45%
83Evgeni Malkin
40%
104Ryan Nugent-Hopkins
38%
90Tim Stutzle
38%
86Clayton Keller
33%
80Nico Hischier
25%
82J.T Miller
23%
83Zach Hyman
23%
82Jeff Skinner
15%

Score Distribution

Percentile by Number Answered

Percent of People with Each Score

Your Score History

You have not taken this quiz